Engaging with parents in early years settings

Gardado en:
Detalles Bibliográficos
Autor Principal: JACKSON, Dianne
Formato: Libro
Idioma:inglés
Publicado: Sage Publications 2014
Tags: Engadir etiqueta
Sen Etiquetas, Sexa o primeiro en etiquetar este rexistro!

MARC

LEADER 00000nam a22000007a 4500
008 201210b ||||| |||| 00| 0 eng d
020 |a 978-1-4462-5895-8 
100 |a JACKSON, Dianne. 
245 |a Engaging with parents in early years settings  |c Dianne Jackson and Martin Needham  |e Sage Publications  |g xviii, 163p.; ill. 
260 |b Sage Publications  |c 2014  |h Los Angeles  |i 692194   |i 692195  |l LB1139.35 .P37J13  |m Education, Elementary – Parent participation – Great Britain.  |m Parent – Teacher relationship – Great Britain. 
500 |a “It includes bibliographical references and index”. 
942 |a lcc  |c BK  |e Adeniran, F. A  |f 10/12/2020 
952 |0 0  |1 0  |2 lcc  |4 0  |6 LB113935 P37 J13  |7 0  |9 359  |a HOL  |b ED  |c LP  |d 2020-12-10  |l 0  |o LB1139.35 .P37J13  |p 2020-2094  |r 2020-12-10 00:00:00  |w 2020-12-10  |y BK 
952 |0 0  |1 0  |2 lcc  |4 0  |6 LB113935 P37 J13  |7 0  |9 361  |a HOL  |b HOL  |c LP  |d 2020-12-10  |l 0  |o LB1139.35 .P37J13  |p 2020-2096  |r 2020-12-10 00:00:00  |w 2020-12-10  |y BK 
999 |c 173  |d 173